000 00718nam a2200193Ia 4500
999 _c41053
_d41053
001 7702
003 GE_BSU
005 20240124105717.0
008 181216s2012||||ge |||||||||||||| ||geo||
020 _a9789941928451
040 _cGE_BSU
041 _ageo
080 _a091(=353.1)+091(=14) ქ–27
245 _aქართულ–ბერძნული ხელნაწერები = Georgian-Greek manuscript /
_cპროექტ.ხელმძღ. ბუბა კუდავა.
264 _aთბილისი :
_b[?],
_c2012.
300 _a100 გვ. :
_bილ. ;
_c20 სმ.
653 _aქართულ–ბერძნული ხელნაწერები
942 _cBK
_2udc